[Event "Challenge"]
[Site "http://www.queenalice.com/game.php?id=1470280"]
[Date "2017.3.24"]
[Round "-"]
[White "dejami"]
[Black "marilena"]
[Result "1-0"]
[WhiteElo "1793"]
[BlackElo "1513"]

1. e4 e6 2. Nh3 e5 3. d4 d5 4. Qh5 Nf6 5. Qxe5+ Be7 6. f3 c6 7. exd5 Nbd7 8. Qg5
h6 9. Qxg7 Rg8 10. Qxh6 Qa5+ 11. c3 Qxd5 12. Nf2 b5 13. Qd2 Qe6+ 14. Be2 Rxg2
15. Kf1 Rg6 16. b4 Nd5 17. Bd3 Rf6 18. Be2 a5 19. Rg1 1-0

[Event "Challenge"]
[Site "http://www.queenalice.com/game.php?id=1470281"]
[Date "2017.3.24"]
[Round "-"]
[White "dejami"]
[Black "marilena"]
[Result "1-0"]
[WhiteElo "1788"]
[BlackElo "1518"]

1. e4 e6 2. Nh3 d6 3. d3 Nf6 4. Bg5 e5 5. Nc3 c6 6. Ng1 h6 7. Be3 h5 8. Bg5 Be7
9. h3 a5 10. Nf3 Qb6 11. Na4 Qb4+ 12. Nc3 Qxb2 13. Bd2 Nfd7 14. Na4 Qb5 15. c4
Qa6 16. Rb1 b5 17. Nb2 d5 18. Bc3 Nb6 19. Nxe5 Bd6 20. Nf3 1-0

[Event "Challenge"]
[Site "http://www.queenalice.com/game.php?id=1470282"]
[Date "2017.3.24"]
[Round "-"]
[White "adelio"]
[Black "marilena"]
[Result "1-0"]
[WhiteElo "1410"]
[BlackElo "1476"]

1. d4 d5 2. e4 dxe4 3. Nc3 f5 4. h4 e6 5. Be2 g6 6. Be3 a6 7. Bg5 Be7 8. Bxe7
Nxe7 9. Nh3 Nbc6 10. Nf4 Nxd4 11. Bc4 e5 12. Nfd5 Nxd5 13. Nxd5 h5 14. c3 b5 15.
cxd4 bxc4 16. dxe5 Kf7 17. Qd4 Re8 18. Qxc4 Ra7 19. Nxc7+ Kg7 20. Rd1 Rxc7 21.
Rxd8 Rxc4 22. Rxe8 Rc1+ 23. Kd2 Rxh1 24. Rxc8 f4 25. Ra8 Rxh4 26. Rxa6 f3 27. g3
Rh2 28. Ke3 Rh1 29. Kxe4 Rb1 30. Rb6 Rc1 31. Kxf3 Kf8 32. Rxg6 h4 33. gxh4 Rh1
34. Rg4 Re1 35. Re4 Rc1 36. e6 Ke8 37. b4 Rc6 38. b5 Rd6 39. Kf4 Rb6 40. Re5 Ke7
41. a4 Rb8 42. a5 Rc8 43. a6 Rc4+ 44. Kg5 Kd6 45. Re2 Ke7 46. Re5 Rc8 47. Kg6
Rg8+ 48. Kh7 Kf6 49. f4 Re8 50. a7 Re7+ 51. Kh6 Rxa7 52. e7 Kf7 53. e8=Q+ 1-0

[Event "Challenge"]
[Site "http://www.queenalice.com/game.php?id=1470283"]
[Date "2017.3.24"]
[Round "-"]
[White "adelio"]
[Black "marilena"]
[Result "1-0"]
[WhiteElo "1659"]
[BlackElo "1529"]

1. d4 d5 2. e4 dxe4 3. Nc3 Bf5 4. f3 exf3 5. Qxf3 Qc8 6. Bc4 Bg4 7. Bxf7+ Kd8 8.
Qd5+ Nd7 9. Bxg8 c6 10. Qf7 Kc7 11. Bf4+ Kb6 12. Na4+ Ka5 13. Bd2+ Kb5 14. Qc4#
1-0

[Event "Challenge"]
[Site "http://www.queenalice.com/game.php?id=1470284"]
[Date "2017.3.24"]
[Round "-"]
[White "ANGELOAZZURRO"]
[Black "marilena"]
[Result "0-1"]
[WhiteElo "1427"]
[BlackElo "1501"]

1. e3 e5 2. Bc4 Nh6 3. Nf3 f6 4. Nc3 c6 5. h4 Ng4 6. Ne4 b6 7. b3 a5 8. d4 b5 9.
Bd3 d5 10. Nc5 Bxc5 11. dxc5 Na6 12. Ba3 b4 13. Bb2 e4 14. Bxa6 Bxa6 15. Nd4 Qd7
16. a3 bxa3 17. Rxa3 Bb5 18. b4 O-O 19. bxa5 f5 20. Nxb5 cxb5 21. Rf1 Rfc8 22.
f3 Nxe3 23. Rxe3 Rxa5 24. fxe4 Rxc5 25. Rxf5 b4 26. Ref3 Ra8 27. Rxd5 Qc7 28.
Be5 Qc8 29. Rg3 g6 30. h5 Rxc2 31. Rgd3 Kf7 32. Rd8 Qc6 33. Rxa8 Qxe4+ 34. Kf1
Qxg2+ 35. Ke1 Qf2# 0-1

[Event "Challenge"]
[Site "http://www.queenalice.com/game.php?id=1470285"]
[Date "2017.3.24"]
[Round "-"]
[White "ANGELOAZZURRO"]
[Black "marilena"]
[Result "1-0"]
[WhiteElo "1414"]
[BlackElo "1514"]

1. e4 e5 2. d3 d5 3. Nf3 f6 4. exd5 Qxd5 5. d4 Nc6 6. c4 Qe4+ 7. Qe2 Qf5 8. dxe5
fxe5 9. Bg5 h6 10. Bh4 Bb4+ 11. Nbd2 Qc2 12. a3 Bxd2+ 13. Nxd2 h5 14. Bg3 Qxb2
15. Rd1 h4 16. Nb1 Qb4+ 17. axb4 hxg3 18. fxg3 Nh6 19. b5 Ne7 20. Qxe5 Kf7 21.
Qxc7 Re8 22. Rd8 a5 23. Rxe8 Kxe8 24. Be2 g6 25. Bf3 Nf7 26. Bxb7 Ra7 27. Bc6+
Nxc6 28. Qxc6+ Bd7 29. Qe4+ Kf8 30. Qxg6 Ne5 31. Qd6+ Ke8 32. Qb8+ Ke7 33. Qxa7
Nd3+ 34. Kd2 Nc5 35. Re1+ Kd6 36. b6 Nb3+ 37. Kc3 a4 38. b7 Nc5 39. b8=Q+ Kc6
40. Qbb6# 1-0

[Event "Challenge"]
[Site "http://www.queenalice.com/game.php?id=1480952"]
[Date "2017.6.3"]
[Round "-"]
[White "cyrano"]
[Black "marilena"]
[Result "1-0"]
[WhiteElo "1694"]
[BlackElo "1495"]

1. e4 e6 2. d4 a5 3. c4 c6 4. a4 b6 5. e5 Bb4+ 6. Nc3 Ba6 7. f4 c5 8. d5 f6 9.
Bd2 d6 10. exf6 Nxf6 11. g4 h6 12. g5 hxg5 13. fxg5 Ng8 14. Qg4 Ne7 15. dxe6
Nec6 16. Qf5 Rf8 17. Qg6+ Ke7 18. O-O-O Ne5 19. Qe4 Nbc6 20. Nd5+ Ke8 21. Nxb6
Qxb6 22. Ne2 Nxc4 23. e7 Rf7 24. Bg2 Bxd2+ 25. Rxd2 Nxd2 26. Kxd2 Rxe7 27. Qg6+
Kd7 28. Nc3 Qxb2+ 29. Qc2 Qb4 30. Rb1 Qd4+ 31. Kc1 Bd3 32. Rb7+ Ke6 33. Rxe7+
Kxe7 34. Qd2 Qg1+ 35. Nd1 Nb4 36. Bxa8 Bc2 37. Qe2+ Kd7 38. Qb5+ Ke6 39. Qc4+
Ke7 40. Qe2+ Kd8 41. Be4 Qxg5+ 42. Kb2 Bxe4 43. Qxe4 Qd2+ 44. Kb3 1-0

[Event "Challenge"]
[Site "http://www.queenalice.com/game.php?id=1480955"]
[Date "2017.6.3"]
[Round "-"]
[White "antoniozla"]
[Black "marilena"]
[Result "1-0"]
[WhiteElo "1501"]
[BlackElo "1494"]

1. e4 e5 2. Nf3 Bd6 3. Bb5 a6 4. Ba4 b5 5. Bb3 Qf6 6. d3 h6 7. c4 Bb4+ 8. Bd2
Bc5 9. Nc3 c6 10. a4 b4 11. Na2 h5 12. Bg5 Qd6 13. Qd2 f6 14. Bh4 g5 15. Bxg5
Qe6 16. Bh4 Bd4 17. Nxb4 Qg4 18. Bg3 Ne7 19. Nxd4 exd4 20. Nc2 h4 21. Bd6 Qxg2
22. O-O-O f5 23. Rhg1 Qf3 24. Rg7 fxe4 25. Rxe7+ Kd8 26. Rxe4 Re8 27. Qg5+ Re7
28. Qxe7# 1-0

[Event "Challenge"]
[Site "http://www.queenalice.com/game.php?id=1480956"]
[Date "2017.6.3"]
[Round "-"]
[White "antoniozla"]
[Black "marilena"]
[Result "0-1"]
[WhiteElo "1507"]
[BlackElo "1478"]

1. d4 e6 2. e4 c6 3. c4 d5 4. cxd5 cxd5 5. e5 Nc6 6. Nf3 f6 7. Bb5 a6 8. Bxc6+
Bd7 9. Bxb7 Ra7 10. Qb3 Ne7 11. Bxd5 exd5 12. Nc3 Bg4 13. Qa4+ Qd7 14. Qa5 Nf5
15. Nxd5 Nxd4 16. exf6 Nc2+ 17. Kf1 Nxa1 18. Bg5 gxf6 19. Bxf6 Rg8 20. Qe1+ Kf7
21. Qe4 Qb5+ 22. Ke1 Bxf3 23. Qxf3 Ke6 24. Qe4+ Kf7 25. Qxh7+ Bg7 26. Qh5+ Ke6
27. g4 Bxf6 28. Qf5+ Kd6 29. Nxf6 Qb4+ 30. Kf1 Rf8 31. Ne4+ Ke7 32. Qe5+ Kd8 33.
Kg2 Rff7 34. Rd1+ Rad7 35. Qb8+ Qxb8 36. Rxa1 Qf4 0-1

[Event "Challenge"]
[Site "http://www.queenalice.com/game.php?id=1483847"]
[Date "2017.6.26"]
[Round "-"]
[White "LuizFerreira"]
[Black "marilena"]
[Result "1-0"]
[WhiteElo "1429"]
[BlackElo "1429"]

1. Nf3 Nf6 2. Nc3 e6 3. d4 Ng4 4. h3 Nh6 5. h4 f6 6. e4 c5 7. b3 d5 8. Nh2 cxd4
9. Qxd4 Nc6 10. Qa4 Bb4 11. Bd2 dxe4 12. Nxe4 a5 13. c3 Be7 14. b4 Nf5 15. g3
Bd7 16. b5 Na7 17. Bc4 Qb6 18. Rb1 g5 19. Be2 Bxb5 20. Bxb5+ Nxb5 21. Rxb5 Qc6
22. Nf3 Kf7 23. Nd4 Qxe4+ 24. Kd1 Qxh1+ 25. Be1 Nd6 26. Rb6 Rhc8 27. Qc2 Ra6 28.
Rb3 a4 29. Rb2 Qd5 30. Qe2 Kg6 31. Qg4 Kh6 32. Bd2 Ne4 33. Ke1 f5 34. Qe2 f4 35.
Rb5 Qxa2 36. Qd1 Qa3 37. Rxb7 Bc5 38. Nc2 Qa2 39. hxg5+ Nxg5 40. gxf4 Nh3 41.
f5+ Ng5 42. Ke2 Qd5 43. Qg1 Rg8 44. Qh2# 1-0

[Event "Challenge"]
[Site "http://www.queenalice.com/game.php?id=1487120"]
[Date "2017.7.23"]
[Round "-"]
[White "cyrano"]
[Black "marilena"]
[Result "1-0"]
[WhiteElo "1712"]
[BlackElo "1457"]

1. e4 e6 2. d4 d6 3. c4 h5 4. g3 d5 5. e5 a5 6. a4 b6 7. Qf3 c6 8. h4 c5 9. Be3
Nc6 10. Nh3 cxd4 11. Bg5 f6 12. exf6 gxf6 13. Bd2 Ne5 14. Qf4 Nxc4 15. Qxd4 e5
16. Qd3 1-0

[Event "Challenge"]
[Site "http://www.queenalice.com/game.php?id=1487121"]
[Date "2017.7.23"]
[Round "-"]
[White "cyrano"]
[Black "marilena"]
[Result "1-0"]
[WhiteElo "1718"]
[BlackElo "1451"]

1. e4 e6 2. d4 d6 3. f4 h5 4. Nf3 e5 5. fxe5 f6 6. Nh4 Nc6 7. Be2 fxe5 8. Bxh5+
Kd7 9. Ng6 Rh6 10. Bxh6 Nxh6 11. dxe5 Nf7 12. O-O Ke6 13. Qd5+ Kd7 14. Qxf7+ Be7
15. Qxg7 Nd4 16. Rf7 1-0

[Event "Challenge"]
[Site "http://www.queenalice.com/game.php?id=1487122"]
[Date "2017.7.23"]
[Round "-"]
[White "antoniozla"]
[Black "marilena"]
[Result "1-0"]
[WhiteElo "1458"]
[BlackElo "1462"]

1. e4 e6 2. d4 f6 3. Nf3 h5 4. Nc3 d5 5. e5 f5 6. Bg5 Qd7 7. a3 c5 8. Bb5 Nc6 9.
dxc5 a6 10. Ba4 b5 11. Bb3 h4 12. Bxh4 b4 13. axb4 Nxb4 14. O-O Bxc5 15. g3 d4
16. Na4 Qc6 17. Ng5 Nh6 18. Qh5+ Ke7 19. Qg6 Qe8 20. Qxe8+ Rxe8 21. Nxc5 a5 22.
Ngxe6+ Kf7 23. Nc7+ Kf8 24. Nxa8 Rxe5 25. Rxa5 Ng4 26. Nd7+ Bxd7 27. Rxe5 Nxe5
28. Re1 Nf3+ 29. Kf1 Nxe1 30. Kxe1 Bc6 31. Nb6 Na6 32. Nc4 Nb4 33. Ne5 Bb7 34.
Ng6+ Ke8 35. c3 Nd3+ 36. Kd2 Nxf2 37. cxd4 Ba6 38. Ke3 Nd3 39. Nf4 Nxb2 40. Ne6
Kf7 41. Nc7+ Kf8 42. Nxa6 1-0

[Event "Challenge"]
[Site "http://www.queenalice.com/game.php?id=1487123"]
[Date "2017.7.23"]
[Round "-"]
[White "antoniozla"]
[Black "marilena"]
[Result "1-0"]
[WhiteElo "1482"]
[BlackElo "1446"]

1. e4 e6 2. d4 d6 3. Nf3 h5 4. Nc3 d5 5. exd5 c6 6. dxc6 Nxc6 7. Bb5 f6 8. O-O
e5 9. Bxc6+ bxc6 10. dxe5 f5 11. Qxd8+ Kxd8 12. Bg5+ Ke8 13. Rad1 Ba6 14. Rfe1
Be7 15. Rd4 Bc5 16. Rd2 Ne7 17. Red1 Ng6 18. Rd7 Bb6 19. Rxg7 Nf8 20. Re7# 1-0

[Event "Challenge"]
[Site "http://www.queenalice.com/game.php?id=1487127"]
[Date "2017.7.23"]
[Round "-"]
[White "adelio"]
[Black "marilena"]
[Result "1-0"]
[WhiteElo "1418"]
[BlackElo "1413"]

1. d4 e6 2. c4 h6 3. Nc3 Bb4 4. Bd2 Bxc3 5. Bxc3 d5 6. e3 Nf6 7. f3 Nc6 8. Qa4
a6 9. b4 Bd7 10. b5 Ne7 11. c5 axb5 12. Qb3 c6 13. Ne2 g5 14. Ng3 g4 15. Bd3
gxf3 16. gxf3 b6 17. O-O-O h5 18. h4 bxc5 19. dxc5 Rg8 20. Rhg1 Rg6 21. Bxg6
fxg6 22. Bxf6 Kf7 23. Bg5 Ra4 24. e4 dxe4 25. Nxe4 Kf8 26. Qxe6 Ke8 27. Nd6+ Kf8
28. Qf7# 1-0

[Event "Challenge"]
[Site "http://www.queenalice.com/game.php?id=1487131"]
[Date "2017.7.23"]
[Round "-"]
[White "pj"]
[Black "marilena"]
[Result "1-0"]
[WhiteElo "1409"]
[BlackElo "1397"]

1. e4 e6 2. e5 d6 3. exd6 cxd6 4. d4 d5 5. f4 g5 6. fxg5 h6 7. gxh6 Bxh6 8. Bxh6
Nxh6 9. Nf3 Qa5+ 10. c3 Nc6 11. b4 Qd8 12. a4 f6 13. a5 b6 14. b5 Nxa5 15. Nh4
f5 16. Qh5+ Kd7 17. Ng6 Nc4 18. Nd2 Nxd2 19. Kxd2 Re8 20. Qxh6 Bb7 21. Ne5+ Kd6
22. Nf7+ Ke7 23. Nxd8 Kxd8 24. Qf6+ Re7 25. Qf8+ Re8 26. Qf6+ Kd7 27. Be2 a6 28.
Bh5 Rf8 29. Qg7+ Kd6 30. Rhe1 Rad8 31. Qe5+ Ke7 32. Qxe6# 1-0

[Event "Challenge"]
[Site "http://www.queenalice.com/game.php?id=1487134"]
[Date "2017.7.23"]
[Round "-"]
[White "ANGELOAZZURRO"]
[Black "marilena"]
[Result "0-1"]
[WhiteElo "1432"]
[BlackElo "1431"]

1. e4 e6 2. Nf3 h5 3. d3 f6 4. Nc3 c6 5. d4 c5 6. dxc5 b6 7. cxb6 axb6 8. Nb5
Ra5 9. Na3 Bb7 10. Nc4 Rc5 11. b3 b5 12. Ba3 Rc7 13. Bxf8 bxc4 14. Bxg7 Rh7 15.
Bxf6 Nxf6 16. e5 Ng4 17. h3 Bxf3 18. gxf3 Nxe5 19. Bxc4 Qf6 20. Rg1 Kf7 21. a4
Nxf3+ 22. Kf1 Nxg1 23. Kxg1 Rg7+ 24. Kf1 Ke7 25. a5 Rf7 26. Qe2 Nc6 27. a6 Nd4
28. Qd2 Nf3 29. Qe2 Qf5 30. a7 Qxh3# 0-1

[Event "Challenge"]
[Site "http://www.queenalice.com/game.php?id=1487135"]
[Date "2017.7.23"]
[Round "-"]
[White "ANGELOAZZURRO"]
[Black "marilena"]
[Result "1-0"]
[WhiteElo "1426"]
[BlackElo "1446"]

1. e4 e6 2. d3 h5 3. Nf3 f6 4. Nc3 c6 5. Bf4 e5 6. Bg3 Bb4 7. a3 Bxc3+ 8. bxc3
Nh6 9. d4 b5 10. dxe5 f5 11. exf5 Nxf5 12. Bd3 Ne7 13. c4 O-O 14. Ng5 g6 15.
cxb5 a6 16. bxc6 Nbxc6 17. Be4 Nf5 18. Bxf5 Nxe5 19. Bxg6 Nxg6 20. Qd5+ Kg7 21.
Qxa8 Qxg5 22. h4 Qe7+ 23. Kf1 Re8 24. Re1 Qf8 25. Rxe8 Qxe8 26. f4 d6 27. f5 Kf6
28. fxg6 Kxg6 29. Bxd6 Qf7+ 30. Kg1 Bf5 31. Qxa6 Be6 32. Qd3+ Bf5 33. Qg3+ Bg4
34. Kh2 Qa2 35. Re1 Qxc2 36. Re6+ Kf5 37. Qe5# 1-0